Statistics for 駅名標のフォントに新ゴを採用していない鉄道会社

Click here to take the quiz!

General Stats

  • This quiz has been taken 51 times
    (48 since last reset)
  • The average score is 32 of 67

Answer Stats

鉄道% Correct
東海旅客鉄道
81%
阪急電鉄
81%
札幌市交通局
78%
京都市交通局
75%
神戸市交通局
75%
Osaka Metro
75%
京成電鉄
72%
仙台市交通局
72%
横浜市交通局
72%
西武鉄道
69%
静岡鉄道
66%
あいの風とやま鉄道
66%
ゆりかもめ
63%
相模鉄道
63%
東京モノレール
63%
IRいしかわ鉄道
63%
箱根登山鉄道
59%
肥薩おれんじ鉄道
56%
東葉高速鉄道
56%
阿武隈急行
56%
新京成電鉄
56%
豊橋鉄道
53%
遠州鉄道
53%
野岩鉄道
53%
会津鉄道
53%
鹿島臨海鉄道
53%
長野電鉄
50%
能勢電鉄
50%
平成筑豊鉄道
50%
伊予鉄道
50%
近江鉄道
50%
ひたちなか海浜鉄道
50%
天竜浜名湖鉄道
50%
のと鉄道
47%
北総鉄道
47%
京福電気鉄道
47%
一畑電車
47%
弘南鉄道
47%
水間鉄道
44%
井原鉄道
44%
北陸鉄道
44%
和歌山電鐵
41%
大阪モノレール
41%
芝山鉄道
41%
上信電鉄
41%
小湊鉄道
41%
紀州鉄道
38%
北条鉄道
38%
智頭急行
38%
くま川鉄道
38%
津軽鉄道
38%
山万
38%
山形鉄道
34%
東海交通事業
34%
仙台空港鉄道
34%
伊勢鉄道
34%
阪堺電気軌道
31%
岳南電車
31%
真岡鐵道
31%
上毛電気鉄道
31%
銚子電気鉄道
28%
神戸新交通
25%
舞浜リゾートライン
25%
筑豊電気鉄道
22%
黒部峡谷鉄道
19%
北九州高速鉄道
16%
嵯峨野観光鉄道
13%

Score Distribution

Percentile by Number Answered

Percent of People with Each Score

Your Score History

You have not taken this quiz since the last reset